000 00936nam a2200265 i 4500
001 8642
003 KOSZ 005
005 20200504125539.0
008 070701s1970 pl a f 001 0 pol
015 _aPB 1970/4393
040 _aWA N
_cKOSZ 005/ID
_dKOSZ 005/ID
080 _a681.3:007
100 1 _aMüller, Janusz.
_eAutor
245 1 0 _aInformacja w cybernetyce :
_binformatyka /
_cJanusz Müller.
260 _aWarszawa :
_bWydawnictwo Ministerstwa Obrony Narodowej,
_c1970.
300 _a374, [2] s., 1 tabl. :
_bil. ;
_c25 cm.
380 _aKsiążki.
504 _aBibliogr. s.371-[372].
650 4 _aPrzetwarzanie danych
650 4 _aCybernetyka techniczna
650 4 _aTeoria informacji
710 2 _aWydawnictwo Ministerstwa Obrony Narodowej
_4pbl.
856 _uhttp://koha.tu.koszalin.pl/cgi-bin/koha/opac-detail.pl?biblionumber=8642
_yKatalog online BPK
942 _2UKD
_cKS
999 _c8642
_d8642